愛回到最初
| 資料類型: | 圖書 | 書目號: | 26733 |
Leader xxxxxxxxxx 001 __ PCLIS00026733 005 __ 20220222152538.0 010 0_ |a957-607-547-5|b平裝|dNT$220 100 __ |a20010601d2000 m y0chiy09 e 101 0_ |achi 102 __ |atw 105 __ |aag z 000ay 200 1_ |a愛回到最初|dReflestion of love|f光禹編 205 __ |a初版 210 __ |a臺北市|c圓神|d2000[民89] 215 0_ |a287, [9]面|c圖|d22公分 225 1_ |a圓神叢書|v320 306 __ |a2001年128刷 681 __ |a857.61|b865 681 __ |a857.61|b8650 88 702 _0 |a光禹|4編 801 _0 |atw|b內湖高中|c20010622|gCCR |